Indian bureaucracy at the crossroads (Record no. 352655)

000 -LEADER
fixed length control field 00381cam a22001337a 4500
008 - FIXED-LENGTH DATA ELEMENTS--GENERAL INFORMATION
fixed length control field 180718b1979 xxu||||| |||| 00| 0 eng d
082 ## - DEWEY DECIMAL CLASSIFICATION NUMBER
Classification number K18x54 R213
100 ## - MAIN ENTRY--PERSONAL NAME
Personal name Ray, Symal Kumar
245 ## - TITLE STATEMENT
Title Indian bureaucracy at the crossroads
Statement of responsibility, etc. by Symal Kumar Ray
260 ## - PUBLICATION, DISTRIBUTION, ETC.
Place of publication, distribution, etc. New Delhi
Name of publisher, distributor, etc. Sterling
Date of publication, distribution, etc. 1979
300 ## - PHYSICAL DESCRIPTION
Extent 407p.
650 ## - SUBJECT ADDED ENTRY--TOPICAL TERM
Topical term or geographic name entry element Civil service - India
650 ## - SUBJECT ADDED ENTRY--TOPICAL TERM
Topical term or geographic name entry element Bureaucracy - India
Holdings
Withdrawn status Lost status Damaged status Not for loan Permanent Location Current Location Date acquired Full call number Barcode Date last seen Price effective from Koha item type
        Indian Institute of Public Administration Indian Institute of Public Administration 1993-11-24 K18x54 R213 54293 2018-07-21 2018-07-21 Book

Powered by Koha